Biblioteca

La predicación y la ecología (Registro nro. 53011)

Detalles MARC
000 -LÍDER
Campo fijo de descripción fija 00919aab a2200217 4500
001 - NÚMERO DE CONTROL
Campo de control 768714001
003 - IDENTIFICADOR DEL NÚMERO DE CONTROL
Campo de control CO-MdFUSB
005 - FECHA Y HORA DE LA ULTIMA TRANSACCIÓN
control field 20240607113426.0
008 - ELEMENTOS DE LONGITUD FIJA -- INFORMACIÓN GENERAL
Campo fijo de descripción fija -- Información general 170511s1994 cr ||||| |||| 00| 0 spa d
022 ## - NÚMERO INTERNACIONAL NORMALIZADO PARA PUBLICACIONES SERIADAS
Número Internacional Normalizado para Publicaciones Seriadas 1409-1968
040 ## - FUENTE DE CATALOGACIÓN
Agencia Catalogadora CO-MdFUSB
Idioma de catalogación spa
Agencia que realiza la transcripción CO-MdFUSB
Agencia que realiza la modificación CO-MdFUSB
041 ## - CÓDIGO DE IDIOMA
Código de idioma para texto/pista de sonido o título separado spa
100 1# - ASIENTO PRINCIPAL--NOMBRE PERSONAL
Nombre personal Libert, Samuel O.
Término relacionador autor
245 13 - TÍTULO
Título La predicación y la ecología
Mención de responsabilidad / Samuel O. Libert
300 ## - DESCRIPCIÓN FÍSICA
Extensión Volumen 11. Número 4 (1994), páginas 39-40
Dimensiones : 27 cm.
520 ## - NOTA DE RESUMEN, ETC.
Nota de sumario, etc. Recientemente algunos predicadores han incursionado en el tema de la ecología. Aunque la necesidad de defender el equilibrio ecológico se justifica, ¿Cuál debe ser nuestro mensaje en relación con ese problema?<br/>¿Qué dice la Biblia sobre ecología?
653 ## - TÉRMINO DE INDIZACIÓN - NO CONTROLADO
Término no controlado Religión y ecología
773 0# - ASIENTO DE ITEM FUENTE
Título Apuntes Pastorales
Biblionumber 49442
Itemnumber 77110
Parte(s) relacionada(s) / Volumen., número. (mes año), páginas Volumen 11. Número 4 (1994), páginas 39-40
Enumeración y primera página Página 39
942 ## - TIPO DE MATERIAL (KOHA)
Tipo de Item KOHA Artículos de Revista
945 ## - INFORMACIÓN LOCAL DEL REGISTRO
Catalogador JTF-925

No hay ítems disponibles.

Biblioteca FUSBC | Teléfono: (57+4) 349 88 10 Ext. 141| WhatsApp (+57) 3005338115 
E-mail: biblioteca@unisbc.edu.co | Calle 76 87-14 Robledo Palenque, Medellín, Colombia

Con tecnología Koha